| 000 | 00451nam a2200145 4500 | ||
|---|---|---|---|
| 082 |
_a940.548 _bSTR _cL-30, P-79 |
||
| 100 | 1 |
_aO'Neill, H. C. _949114 |
|
| 245 | 1 | 4 |
_aThe victory campaign (May 1944-August 1945) _cby Strategicus [pseud.] |
| 260 |
_aLondon, _bFaber and Faber _c[1947] |
||
| 300 |
_a282 p. _bmaps. _c21 cm. |
||
| 526 |
_a0 _b0 _c0 _d940_548000000000000_STR |
||
| 650 | 0 |
_aMCE _9379 |
|
| 650 | 0 |
_aWorld War, 1939-1945. _928174 |
|
| 942 |
_2ddc _cBK |
||
| 999 |
_c551945 _d551945 |
||